000
00296nam a22001337a 4500
008
210301b ||||| |||| 00| 0 eng d
020
_a
9780135071595
041
_a
eng
080
_a
72
100
_a
41
101
_a
ARK
245
_a
Introduction to AutoCAD 2010
_c
Richard,P
942
_2
udc
_c
BK
999
_c
55383
_d
55383